000 00851nam a2200229Ia 4500
003 OSt
005 20220918110748.0
006 a|||||r|||| 00| 0
007 ta
008 220915b |||||||| |||| 00| 0 hin d
024 _a185301
037 _cReference Collections
040 _aARTS
_cARTS
_bhin
041 _2hin
_ahin
082 _aP111,4:4k, 152M6;3(RR)
245 0 _aअंग्रेजी हिन्दी अभिव्यक्ति कोश, संपा0 - कैलाशचन्द्र भाटिया
246 _aAangrejī hindī abhivyakti kosha, sanpā0 - kailāshachandra bhāṭiyā
260 _aदिल्ली
_bप्रभात प्रकाशन
_c1999
300 _a423 पृ0
942 _hP111,4:4k, 152M6;3(RR)
_cREF
999 _c114561
_d114561